Olympic Gods Quiz Stats

 Plays Quiz not verified by Sporcle

Challenge
Share
Tweet
Embed
Score 0/11 Timer 03:00
0 Plays Today
% Correct
Hades
98.2%
Poseidon
96.4%
Zeus
94.6%
Aphrodite
88.4%
Hera
86.6%
Hermes
83%
Athena
80.4%
Ares
80.4%
Artemis
78.6%
Apollo
75.9%
Hestia
72.3%

You're not logged in!

Compare scores with friends on all Sporcle quizzes.
OR
Log In

You Might Also Like...

Show Comments

Extras

Created Oct 16, 2012ReportNominate
Tags:Clickable Quiz, god

Top Quizzes Today


Score Distribution

Your Account Isn't Verified!

In order to create a playlist on Sporcle, you need to verify the email address you used during registration. Go to your Sporcle Settings to finish the process.

Report this User

Report this user for behavior that violates our Community Guidelines.

Details: